Venere ed imene : al tribunale della penitenza : manuale dei confessori /

Na minha lista:
Detalhes bibliográficos
Autor principal: Bouvier, Jean-Baptiste, (1783-1854) (Author)
Outros Autores: Gnocchi-Viani, Osvaldo
Formato: Livro
Idioma:Língua italiana
Publicado em: Tratturo Castiglione (FG) : Bastogi, 1981
Tags: Adicionar Tag
Sem tags, seja o primeiro a adicionar uma tag!

MARC

LEADER 00000nam a22000007i 4500
001 IT\ICCU\UBO\1631721
003 ItRI
005 20260115232314.0
008 030128s1981 it |||||| ||||| |||||c
040 |b ita  |c importazione bologna sebina 
041 7 |a ita  |2 ISO-639-2 
100 1 |a Bouvier, Jean-Baptiste,  |d  (1783-1854)  |0 IT\ICCU\IEIV\047738  |4 aut 
245 1 0 |a Venere ed imene :  |b al tribunale della penitenza : manuale dei confessori /  |c per Monsignor Bouvier ; traduzione dal latino di O. Gnocchi Viani. 
260 |a Tratturo Castiglione (FG) :  |b Bastogi,  |c 1981 
300 |a 170 p. ;  |c 21 cm. 
700 1 |a Gnocchi-Viani, Osvaldo  |0 IT\ICCU\CFIV\025119 
790 1 |a Bouvet,  |c  (monsignor)  |3 IT\ICCU\CFIV\168537  |z Bouvier, Jean-Baptiste (1783-1854) 
790 1 |a Bouvier, Jean,  |d  (1783-1854)  |3 IT\ICCU\SBNV\022930  |z Bouvier, Jean-Baptiste (1783-1854) 
942 |2 ddc  |c BK  |n 0 
952 |0 0  |1 0  |4 0  |6 DOC_234_166000000000000_BOU  |7 0  |9 23885  |a BO  |b BO  |d 2026-01-15  |i 15553  |l 0  |o DOC 234.166 BOU  |p BO15553  |r 2026-01-15 23:23:14  |w 2026-01-15  |x [Sebina 5] [1 v.]  |y BK  |z 1 v. 
999 |c 20343  |d 20343